000 01222nam a22003497a 4500
003 CHAP
005 20220329140258.0
008 971013s1983 r 00010 d
010 _a49668
011 _a50640
035 _a54790
040 _cCHAP
090 _aTesis
100 0 0 _aVillalón Mendoza, Horacio.
_9119458
245 _aComportamiento de cultivares de lechuga (Lactuca sativa L.) en tres sistemas de siembra en la región de Marín, N.L.
260 _aMarín, N.L. :
_bEl autor,
_c1983
300 _a55 h.
502 _aTesis (Ing. Agrónomo Fitotecnista) -- Univ. Autónoma de Nuevo León. Fac. de Agronomía
590 _aALEPH
_b10
_c20130110
_lUCH01
_h1322
590 _aBATCH-UPD
_b10
_c20130110
_lUCH01
_h0117
590 _aBATCH-UPD
_b10
_c20130110
_lUCH01
_h1552
590 _aBATCH-UPD
_b10
_c20130409
_lUCH01
_h2109
590 _aBATCH-UPD
_b10
_c20130410
_lUCH01
_h0950
590 _aBATCH-UPD
_b10
_c20130914
_lUCH01
_h1718
590 _aCONVERSION
_b10
_c20130109
_lUCH01
_h1327
650 1 4 _aLechuga
_xFechas de siembra.
_965460
650 1 4 _aLechuga
_xPlántulas.
_965471
650 1 4 _aLechuga
_xRendimiento.
_965476
901 _aBK
942 _cTESIS
949 _bBC
_cTES
_d-120663
_eTS1
_i54790
_si
999 _c49668
_d49668